دليل الحيران فى تفسير الاحلام
| Main Author: | |
|---|---|
| Format: | Book |
| Published: |
Qahirah :
Maktabah al-Qur'an ,
[19--]
|
| Subjects: |
MARC
| LEADER | 00000cam a2200000 7i4500 | ||
|---|---|---|---|
| 001 | 0000005649 | ||
| 005 | 20160229093000.0 | ||
| 008 | 021119n | ||
| 090 | 0 | 0 | |a BF1078 |b .Q9 |
| 100 | 0 | |a قطب، محمد , |e author | |
| 241 | 0 | 0 | |a Dalil al-hayran fi tafsir al-ahlam |
| 245 | 1 | 0 | |a دليل الحيران فى تفسير الاحلام |c محمد على قطب |
| 260 | 2 | |a Qahirah : |b Maktabah al-Qur'an , |c [19--] | |
| 300 | |a 206 p. ; |c 24 cm. | ||
| 650 | 0 | |a Dreams |x Religious aspects |x Islam | |
| 999 | |a 1000013285 |b Book |c OPEN SHELF (30 DAYS) |e Gong Badak Campus | ||